Methods in cell biology. (Record no. 7358)

MARC details
000 -LEADER
fixed length control field 01282nac a22003251i 4500
003 - CONTROL NUMBER IDENTIFIER
control field EG-ScBUE
005 - DATE AND TIME OF LATEST TRANSACTION
control field 20260421102648.0
008 - FIXED-LENGTH DATA ELEMENTS--GENERAL INFORMATION
fixed length control field 260421s1989 nyua f b 001 0 eng d
020 ## - INTERNATIONAL STANDARD BOOK NUMBER
International Standard Book Number 0125641303
035 ## - SYSTEM CONTROL NUMBER
System control number (OCoLC)ocm01783083
040 ## - CATALOGING SOURCE
Original cataloging agency EG-ScBUE
Language of cataloging eng
Description conventions rda
Transcribing agency EG-ScBUE
Modifying agency EG-ScBUE
082 04 - DEWEY DECIMAL CLASSIFICATION NUMBER
Classification number 574.87605
Item number MET
Edition number 22
245 00 - TITLE STATEMENT
Title Methods in cell biology.
Number of part/section of a work volume 30,
Name of part/section of a work Fluorescence microscopy of living cells in culture.
Number of part/section of a work part B,
Name of part/section of a work Quantitative fluorescence microscopy-imaging and spectroscopy /
Statement of responsibility, etc edited by D. Lansing Taylor, Yu-Li Wang.
246 30 - VARYING FORM OF TITLE
Title proper/short title Fluorescence microscopy of living cells in culture
246 30 - VARYING FORM OF TITLE
Title proper/short title Quantitative fluorescence microscopy-imaging and spectroscopy
264 #1 - PUBLICATION, DISTRIBUTION, ETC. (IMPRINT)
Place of publication, distribution, etc New York :
Name of publisher, distributor, etc Academic Press,
Date of publication, distribution, etc [1989]
264 #4 - PUBLICATION, DISTRIBUTION, ETC. (IMPRINT)
Date of publication, distribution, etc c1989
300 ## - PHYSICAL DESCRIPTION
Extent xiv, 503 pages :
Other physical details illustrations ;
Dimensions 24 cm
336 ## - CONTENT TYPE
Source rdacontent
Content type term text
Content type code txt
337 ## - MEDIA TYPE
Media type term unmediated
Source rdamedia
Media type code n
338 ## - CARRIER TYPE
Carrier type term volume
Carrier type code nc
Source rdacarrier
504 ## - BIBLIOGRAPHY, ETC. NOTE
Bibliography, etc Includes bibliographical references and index.<br/>
650 #7 - SUBJECT ADDED ENTRY--TOPICAL TERM
Topical term or geographic name as entry element Cytology
General subdivision Technique.
Source of heading or term BUEsh
650 #7 - SUBJECT ADDED ENTRY--TOPICAL TERM
Topical term or geographic name as entry element Cells
General subdivision physiology
-- laboratory manuals
Source of heading or term BUEsh
650 #7 - SUBJECT ADDED ENTRY--TOPICAL TERM
Topical term or geographic name as entry element Cells
General subdivision physiology
-- Yearbooks
Source of heading or term BUEsh
655 ## - INDEX TERM--GENRE/FORM
Form subdivision Reading book
700 1# - ADDED ENTRY--PERSONAL NAME
Personal name Taylor, D. Lansing,
Relator term editor.
700 1# - ADDED ENTRY--PERSONAL NAME
Personal name Wang, Yu-Li,
Relator term editor.
942 ## - ADDED ENTRY ELEMENTS (KOHA)
Koha item type Book - Borrowing
Source of classification or shelving scheme Dewey Decimal Classification
Holdings
Withdrawn status Lost status Source of classification or shelving scheme Damaged status Not for loan Collection code Home library Current library Shelving location Date acquired Source of acquisition Total Checkouts Full call number Barcode Date last seen Price effective from Koha item type
    Dewey Decimal Classification     Alahram Central Library Central Library First floor 23/01/2008 Purchase   574.87605 MET 000008970 15/07/2025 23/01/2008 Book - Borrowing